Gaming Quiz

Random Gaming Quiz

Croc: Legend Of The Gobbos Levels Quiz Stats

 Plays Quiz not verified by Sporcle

Also try: Pokemon Moves A-Z
Challenge
Share
Tweet
Embed
Score 0/45 Timer 11:00
0 Plays Today
Island Level Name % Correct
Forest IslandAnd So The Adventure Begins
85.2%
Forest IslandUnderground Overground
55.6%
Ice IslandBe Wheely Careful
55.6%
Forest IslandShoutin' Lava Lava Lava
53.7%
Forest IslandFight Night With Flibby
51.9%
Desert IslandLights Camel Action
50%
Forest IslandLair of the Feeble
46.3%
Forest IslandThe Tumbling Dantini
44.4%
Forest IslandThe Curvy Caverns
42.6%
Forest IslandThe Twisty Tunnels
40.7%
Ice IslandRiot Brrr
40.7%
Castle IslandThe Tower of Power
40.7%
Desert IslandLeap of Faith
38.9%
Desert IslandCactus Jack's Ranch
38.9%
Castle IslandDungeon of Defright
38.9%
Crystal IslandAnd So The Adventure Returns
38.9%
Crystal IslandDiet Brrr
38.9%
Desert IslandLife's a Beach
37%
Castle IslandFosley's Freaky Donut
37%
Castle IslandBaron Dante's Funky Inferno
37%
Forest IslandDarkness Descends
35.2%
Ice IslandThe Ice of Life
35.2%
Crystal IslandSecret Sentinel
35.2%
Island Level Name % Correct
Ice IslandLicence To Chill
33.3%
Ice IslandDemon Itsy's Ice Palace
33.3%
Castle IslandBallistic Meg's Fairway
33.3%
Forest IslandCave Fear
31.5%
Ice IslandSay No Snow
31.5%
Desert IslandThe Deadly Tank of Neptuna
31.5%
Desert IslandArabian Heights
31.5%
Ice IslandI Snow Him So Well
29.6%
Desert IslandMud Pit Mania
29.6%
Castle IslandHassle in the Castle
29.6%
Castle IslandSmash and See
29.6%
Castle IslandJailhouse Croc
29.6%
Crystal IslandCrox Interactive
29.6%
Ice IslandIce Bridge To Eternity
27.8%
Desert IslandGoin' Underground
27.8%
Castle IslandPanic at Platform Pete's Lair
27.8%
Ice IslandChumly's Snow Den
25.9%
Desert IslandDefeato Burrito
25.9%
Desert IslandSand and Freedom
24.1%
Castle IslandSwipe Swiftly's Wicked Ride
24.1%
Ice IslandClouds of Ice
22.2%
Crystal IslandTrial on the Nile
22.2%

You're not logged in!

Compare scores with friends on all Sporcle quizzes.
Join for Free
OR
Log In

You Might Also Like...

Show Comments

Extras

Created Jan 13, 2011SourceReportNominate
Tags:crocodile, fox

Top Quizzes Today


Score Distribution

Your Account Isn't Verified!

In order to create a playlist on Sporcle, you need to verify the email address you used during registration. Go to your Sporcle Settings to finish the process.

Report this User

Report this user for behavior that violates our Community Guidelines.

Details: